El misterio del colegio embrujado / (Record no. 9608)

MARC details
000 -LEADER
fixed length control field 00605 a2200217 4500
001 - CONTROL NUMBER
control field sjds
003 - CONTROL NUMBER IDENTIFIER
control field sjds
005 - DATE AND TIME OF LATEST TRANSACTION
control field 20240823153442.0
008 - FIXED-LENGTH DATA ELEMENTS--GENERAL INFORMATION
fixed length control field 240823b |||||||| |||| 00| 0 spa d
020 ## - INTERNATIONAL STANDARD BOOK NUMBER
International Standard Book Number 9788426348531
020 ## - INTERNATIONAL STANDARD BOOK NUMBER
International Standard Book Number 842634853X
040 ## - CATALOGING SOURCE
Transcribing agency sjds
041 ## - LANGUAGE CODE
Language code of text/sound track or separate title spa
100 10 - MAIN ENTRY--PERSONAL NAME
Personal name Cabal, Ulises
245 1# - TITLE STATEMENT
Title El misterio del colegio embrujado /
Statement of responsibility, etc. Ulises Cabal ; ilustraciones, Gabriel Hernandez Walta
260 ## - PUBLICATION, DISTRIBUTION, ETC. (IMPRINT)
Place of publication, distribution, etc. Zaragoza :
Name of publisher, distributor, etc. Edelvives,
Date of publication, distribution, etc. 2006.
300 ## - PHYSICAL DESCRIPTION
Extent 139 pages :
Other physical details illustrations ;
Dimensions 21 cm
440 ## - SERIES STATEMENT/ADDED ENTRY--TITLE
Title Ala delta., Serie Verde ; 12
700 10 - ADDED ENTRY--PERSONAL NAME
Personal name Hernandez, Gabriel
942 ## - ADDED ENTRY ELEMENTS (KOHA)
Koha item type Libro/Book
Holdings
Withdrawn status Lost status Damaged status Not for loan Home library Current library Date acquired Inventory number Total Checkouts Full call number Barcode Date last seen Date checked out Price effective from Koha item type
        San Juan Del Sur -- Mobile San Juan Del Sur -- Mobile 10/05/2014 Inventory date: 27-2-25 7 JF 30003440 10/10/2024 22/08/2024 10/05/2014 Libro/Book

Powered by Koha